000 00818cam a2200253 a 4500
001 672929
005 20241108151853.0
008 950823s1996 moua b 001 0 eng c
020 _a0815194277
050 0 0 _aTX354
_b.N87 1996
082 0 0 _a613.2
_220
245 0 0 _aNutrition throughout the life cycle /
_cedited by Bonnie S. Worthington-Roberts, Sue Rodwell Williams ; coauthors, Eleanor D. Schlenker, Peggy Pipes, Cristine M. Trahms.
250 _a3rd ed.
260 _aSt. Louis :
_bMosby,
_cc1996.
300 _axix, 507 p. :
_bill. ;
_c26 cm.
650 0 _aNutrition.
650 1 2 _aNutrition.
700 2 _aWorthington-Roberts, Bonnie S.,
_d1943-
700 1 _aWilliams, Sue Rodwell.
700 1 _aSchlenker, Eleanor D.
700 1 _aPipes, Peggy L.
700 1 _aTrahms, Cristine M.
942 _2lcc
_cBK
_n0
999 _c898
_d898